[Event "Remote Random-187 email"]
[Site "Remote email"]
[Date "2014.09.14"]
[Round "?"]
[White "Biskopp, Wolf Ulrich"]
[Black "Schulz, Peter"]
[Result "1-0"]
[WhiteElo "2564"]
[BlackElo "1953"]
[PlyCount "61"]
[EventDate "2014.??.??"]
[EventType "tourn (corr)"]
[EventRounds "6"]
[EventCountry "GER"]
[SourceTitle "Corr 2015"]
[Source "ChessBase"]
[SourceDate "2015.07.17"]
[SourceVersion "1"]
[SourceVersionDate "2015.07.17"]
[SourceQuality "1"]

1. Na3 d5 2. Nf3 c5 3. c4 d4 4. e3 Nc6 5. exd4 Nxd4 6. Nc2 Nc6 7. d4 cxd4 8. Ncxd4 Nxd4 9. Qxd4 Qxd4 10. Nxd4 e5 11. Nb5 Bb4+ 12. Bd2 Bxd2+ 13. Kxd2 Kd7 14. Kc3 Ke7 15. Re1 f6 16. f4 Bd7 17. fxe5 fxe5 18. Bd3 a6 19. Nc7 Rf8 20. Nd5+ Kd6 21. Rd1 Nf6 22. Nxf6 Ke6 23. Nxd7 Kxd7 24. Rhe1 Ke6 25. Re2 b6 26. Rde1 Rf6 27. Rxe5+ Kd6 28. Rd5+ Kc6 29. Re7 g6 30. Be4 Rhf8 31. Rd8+ 1-0

[Event "Remote Random-185 email"]
[Site "Remote email"]
[Date "2014.08.13"]
[Round "?"]
[White "Mueller, Klaus"]
[Black "Biskopp, Wolf Ulrich"]
[Result "0-1"]
[WhiteElo "2000"]
[BlackElo "2564"]
[PlyCount "62"]
[EventDate "2014.??.??"]
[EventType "tourn (corr)"]
[EventRounds "6"]
[EventCountry "GER"]
[SourceTitle "Corr 2015"]
[Source "ChessBase"]
[SourceDate "2015.07.17"]
[SourceVersion "1"]
[SourceVersionDate "2015.07.17"]
[SourceQuality "1"]

1. e4 c5 2. Nf3 d6 3. d4 cxd4 4. Nxd4 Nf6 5. Nc3 e6 6. Bc4 Nc6 7. Be3 Be7 8. Qe2 0-0 9. 0-0 a6 10. Nxc6 bxc6 11. a4 d5 12. Bd3 d4 13. e5 dxe3 14. exf6 exf2+ 15. Rxf2 Bxf6 16. Kh1 g6 17. Rd1 Bxc3 18. bxc3 Qa5 19. Rf3 Qxa4 20. Rdf1 c5 21. Rf6 Bb7 22. Rxe6 Rae8 23. Rxe8 Rxe8 24. Qf2 Re7 25. Qxc5 Qg4 26. Qf2 a5 27. Qg3 Qe6 28. Kg1 a4 29. Qb8+ Kg7 30. Qa7 Qc6 31. Qd4+ f6 0-1

[Event "Remote Random-184 email"]
[Site "Remote email"]
[Date "2014.08.10"]
[Round "?"]
[White "Biskopp, Wolf Ulrich"]
[Black "Tortoza, Carlos Alberto"]
[Result "1-0"]
[WhiteElo "2564"]
[BlackElo "1632"]
[PlyCount "57"]
[EventDate "2014.??.??"]
[EventType "tourn (corr)"]
[EventRounds "6"]
[EventCountry "GER"]
[SourceTitle "Corr 2015"]
[Source "ChessBase"]
[SourceDate "2015.07.17"]
[SourceVersion "1"]
[SourceVersionDate "2015.07.17"]
[SourceQuality "1"]

1. e4 c5 2. Nf3 d6 3. d4 cxd4 4. Nxd4 Nf6 5. Nc3 a6 6. Be3 e5 7. Nb3 Be6 8. f3 Be7 9. Qd2 0-0 10. 0-0-0 Nbd7 11. g4 b5 12. g5 Nh5 13. Nd5 g6 14. Nxe7+ Qxe7 15. Qxd6 Qd8 16. Nc5 Qa5 17. Nxe6 fxe6 18. Qxe6+ Rf7 19. Qd5 Nf4 20. Qxa8+ Nf8 21. a3 Kg7 22. Bxf4 Rxf4 23. Be2 Rf7 24. Rd5 Re7 25. Bxb5 Qb6 26. Qxa6 Qe3+ 27. Kb1 Qxf3 28. Rf1 Qxe4 29. Qf6+ 1-0

[Event "Remote S7E High-154 email"]
[Site "Remote email"]
[Date "2014.05.08"]
[Round "?"]
[White "Biskopp, Wolf Ulrich"]
[Black "Winiger, Albert"]
[Result "1-0"]
[WhiteElo "2532"]
[BlackElo "2320"]
[PlyCount "71"]
[EventDate "2014.??.??"]
[EventType "tourn (corr)"]
[EventRounds "6"]
[EventCountry "GER"]
[SourceTitle "Corr 2015"]
[Source "ChessBase"]
[SourceDate "2015.07.17"]
[SourceVersion "1"]
[SourceVersionDate "2015.07.17"]
[SourceQuality "1"]

1. d4 Nf6 2. c4 c5 3. d5 e6 4. Nc3 exd5 5. cxd5 d6 6. Nf3 a6 7. a4 Be7 8. Nd2 0-0 9. e4 Re8 10. Bd3 Ng4 11. 0-0 Ne5 12. Bc2 g5 13. Ne2 Bg4 14. f3 Bh5 15. Ng3 Bg6 16. Nf5 Bf8 17. Ra3 Nbd7 18. h4 h6 19. hxg5 hxg5 20. f4 gxf4 21. Rxf4 c4 22. Rh3 Bg7 23. Nf1 Rc8 24. N1g3 Bf6 25. Rf2 Qb6 26. Be3 Qc7 27. Nh5 Bd8 28. Nh6+ Kf8 29. Qf1 Bxh5 30. Rxh5 Re7 31. Nf5 Nf6 32. Rh8+ Ng8 33. g3 Qa5 34. Nh6 Ke8 35. Qh3 Qe1+ 36. Kg2 1-0

[Event "Remote S7E Starter-54 email"]
[Site "Remote email"]
[Date "2014.03.05"]
[Round "?"]
[White "Biskopp, Wolf Ulrich"]
[Black "Guelker, Lorenz"]
[Result "1-0"]
[WhiteElo "2532"]
[BlackElo "1985"]
[PlyCount "55"]
[EventDate "2014.??.??"]
[EventType "tourn (corr)"]
[EventRounds "6"]
[EventCountry "GER"]
[SourceTitle "Corr 2015"]
[Source "ChessBase"]
[SourceDate "2015.07.17"]
[SourceVersion "1"]
[SourceVersionDate "2015.07.17"]
[SourceQuality "1"]

1. d4 Nf6 2. c4 e6 3. Nc3 Bb4 4. e3 0-0 5. Bd3 Bxc3+ 6. bxc3 c5 7. Nf3 d6 8. 0-0 Nc6 9. e4 cxd4 10. cxd4 e5 11. d5 Nb4 12. c5 Nxd3 13. Qxd3 dxc5 14. Nxe5 Ng4 15. Nxg4 Bxg4 16. Bb2 f6 17. Qc4 Qb6 18. Ba3 Rac8 19. d6+ Kh8 20. e5 Bf5 21. g4 fxe5 22. gxf5 Qxd6 23. Rad1 Qf6 24. Qg4 Rf7 25. Rfe1 c4 26. Qg3 c3 27. Rxe5 c2 28. Rde1 1-0

[Event "Remote S7E Starter-54 email"]
[Site "Remote email"]
[Date "2014.03.05"]
[Round "?"]
[White "Kahl, Karl Heinz"]
[Black "Biskopp, Wolf Ulrich"]
[Result "0-1"]
[WhiteElo "2102"]
[BlackElo "2532"]
[PlyCount "94"]
[EventDate "2014.??.??"]
[EventType "tourn (corr)"]
[EventRounds "6"]
[EventCountry "GER"]
[SourceTitle "Corr 2015"]
[Source "ChessBase"]
[SourceDate "2015.07.17"]
[SourceVersion "1"]
[SourceVersionDate "2015.07.17"]
[SourceQuality "1"]

1. d4 Nf6 2. c4 e6 3. Nf3 b6 4. g3 Ba6 5. b3 Bb7 6. Bg2 Bb4+ 7. Bd2 a5 8. 0-0 0-0 9. Qc2 d6 10. Nc3 Re8 11. Rfe1 Bxc3 12. Bxc3 Be4 13. Qb2 h6 14. Nd2 Bxg2 15. Kxg2 d5 16. e4 Nc6 17. cxd5 exd5 18. e5 Nh7 19. Nf3 Nf8 20. Rac1 Ne6 21. Qd2 Ne7 22. b4 axb4 23. Bxb4 Qd7 24. Re3 Ra4 25. Ra3 Rxa3 26. Bxa3 Nc6 27. Bb2 Na5 28. Qd3 Nc4 29. Rc2 Ra8 30. Bc1 Ra4 31. Re2 c5 32. Kg1 Na5 33. dxc5 bxc5 34. Qd1 d4 35. Nh4 d3 36. Rd2 c4 37. Nf5 Kh7 38. Nd6 Qc6 39. f4 Nc5 40. Qg4 Nab7 41. Qf5+ Kh8 42. Rb2 c3 43. Qxf7 Nxd6 44. Rb8+ Kh7 45. exd6 Qd7 46. Qg8+ Kg6 47. Rf8 d2 0-1

[Event "Remote S7E Basic-74 email"]
[Site "Remote email"]
[Date "2014.02.20"]
[Round "?"]
[White "Biskopp, Wolf Ulrich"]
[Black "Decking, Lutz"]
[Result "1-0"]
[WhiteElo "2564"]
[BlackElo "2077"]
[PlyCount "93"]
[EventDate "2014.??.??"]
[EventType "tourn (corr)"]
[EventRounds "6"]
[EventCountry "GER"]
[SourceTitle "Corr 2015"]
[Source "ChessBase"]
[SourceDate "2015.07.17"]
[SourceVersion "1"]
[SourceVersionDate "2015.07.17"]
[SourceQuality "1"]

1. d4 Nf6 2. c4 g6 3. Nc3 d6 4. e4 Bg7 5. Nf3 0-0 6. Be2 Nbd7 7. 0-0 e5 8. Be3 exd4 9. Nxd4 Nc5 10. Qc2 Ng4 11. Bxg4 Bxg4 12. f3 Be6 13. b3 a5 14. Rf2 Qe7 15. Rd1 Rfe8 16. Rfd2 Rad8 17. g3 Nd7 18. Nd5 Bxd5 19. cxd5 Rc8 20. Nb5 Ne5 21. Rf2 f5 22. exf5 Qd7 23. Nd4 c6 24. Ne6 Bh8 25. fxg6 hxg6 26. Qd2 a4 27. Kg2 axb3 28. axb3 cxd5 29. Nf4 Qf7 30. Nxd5 Ra8 31. Qb4 Nc6 32. Qc4 Ne5 33. Qf4 Ra3 34. Qb4 Ra2 35. f4 Rxf2+ 36. Bxf2 Ng4 37. Qxd6 Re2 38. Qd8+ Qf8 39. Qxf8+ Kxf8 40. Kf3 Rxf2+ 41. Kxg4 Rxh2 42. Nb6 Rb2 43. Rd8+ Kg7 44. Rd3 Kh6 45. Nd7 b5 46. Rd6 Rxb3 47. Nf8 1-0

[Event "Remote S7E Easy email"]
[Site "Remote email"]
[Date "2014.02.11"]
[Round "?"]
[White "Biskopp, Wolf Ulrich"]
[Black "Tortoza, Carlos Alberto"]
[Result "1-0"]
[WhiteElo "2532"]
[BlackElo "1560"]
[PlyCount "63"]
[EventDate "2014.??.??"]
[EventType "tourn (corr)"]
[EventRounds "6"]
[EventCountry "GER"]
[SourceTitle "Corr 2015"]
[Source "ChessBase"]
[SourceDate "2015.07.17"]
[SourceVersion "1"]
[SourceVersionDate "2015.07.17"]
[SourceQuality "1"]

1. d4 e6 2. c4 d5 3. Nc3 Bb4 4. Bf4 f6 5. e3 Ne7 6. a3 Bd6 7. Bxd6 Qxd6 8. c5 Qc6 9. Bb5 Bd7 10. Bxc6 Nbxc6 11. b4 a6 12. Nge2 0-0 13. Nf4 e5 14. dxe5 Nxe5 15. Nfxd5 Rf7 16. Nxe7+ Rxe7 17. Nd5 Rf7 18. f4 Nc4 19. Qd4 b5 20. Kf2 c6 21. Nb6 Nxb6 22. cxb6 Rb8 23. Rhc1 h6 24. a4 Be8 25. axb5 axb5 26. Ra7 Rfb7 27. Rxb7 Rxb7 28. Qd8 Kf8 29. Rxc6 Re7 30. Rc7 Kg8 31. Qxe7 Bf7 32. Qxf7+ 1-0

[Event "Remote S7E Easy email"]
[Site "Remote email"]
[Date "2014.02.11"]
[Round "?"]
[White "Mueller, Christoph"]
[Black "Biskopp, Wolf Ulrich"]
[Result "0-1"]
[WhiteElo "1775"]
[BlackElo "2532"]
[PlyCount "34"]
[EventDate "2014.??.??"]
[EventType "tourn (corr)"]
[EventRounds "6"]
[EventCountry "GER"]
[SourceTitle "Corr 2015"]
[Source "ChessBase"]
[SourceDate "2015.07.17"]
[SourceVersion "1"]
[SourceVersionDate "2015.07.17"]
[SourceQuality "1"]

1. d4 Nf6 2. c4 c5 3. d5 b5 4. cxb5 a6 5. bxa6 Bxa6 6. Nc3 g6 7. Nf3 Bg7 8. g3 0-0 9. Bg2 d6 10. 0-0 Nbd7 11. Re1 Nb6 12. Rb1 Bc4 13. e4 Bxa2 14. Nxa2 Rxa2 15. Qb3 Ra7 16. e5 Nfxd5 17. exd6 Qxd6 0-1

[Event "Remote S7E Starter-53 email"]
[Site "Remote email"]
[Date "2014.01.26"]
[Round "?"]
[White "Biskopp, Wolf Ulrich"]
[Black "Plankert, Hans"]
[Result "1-0"]
[WhiteElo "2532"]
[BlackElo "2140"]
[PlyCount "43"]
[EventDate "2014.??.??"]
[EventType "tourn (corr)"]
[EventRounds "6"]
[EventCountry "GER"]
[SourceTitle "Corr 2015"]
[Source "ChessBase"]
[SourceDate "2015.07.17"]
[SourceVersion "1"]
[SourceVersionDate "2015.07.17"]
[SourceQuality "1"]

1. d4 Nf6 2. c4 e6 3. Nc3 Bb4 4. e3 c5 5. Bd3 0-0 6. Nf3 d5 7. 0-0 Nc6 8. a3 Bxc3 9. bxc3 Qc7 10. h3 Re8 11. a4 dxc4 12. Bxc4 b6 13. Ba3 Bb7 14. Re1 Na5 15. Bd3 Be4 16. Ba6 Red8 17. Ne5 Ne8 18. Qg4 Nd6 19. Red1 Bc2 20. Rf1 Bf5 21. Qe2 Be4 22. Qg4 1-0

[Event "Remote S7E Starter-53 email"]
[Site "Remote email"]
[Date "2014.01.26"]
[Round "?"]
[White "Biskopp, Wolf Ulrich"]
[Black "Schulz, Peter"]
[Result "1-0"]
[WhiteElo "2532"]
[BlackElo "1892"]
[PlyCount "75"]
[EventDate "2014.??.??"]
[EventType "tourn (corr)"]
[EventRounds "6"]
[EventCountry "GER"]
[SourceTitle "Corr 2015"]
[Source "ChessBase"]
[SourceDate "2015.07.17"]
[SourceVersion "1"]
[SourceVersionDate "2015.07.17"]
[SourceQuality "1"]

1. d4 Nf6 2. c4 e6 3. Bg5 Be7 4. Nc3 0-0 5. Nf3 d6 6. e3 b6 7. Bd3 Bb7 8. Qe2 Nbd7 9. 0-0 c5 10. Rfd1 Rc8 11. d5 e5 12. Bf5 Rb8 13. e4 a6 14. a4 Re8 15. Be3 Nf8 16. g3 Bc8 17. Nh4 N6d7 18. Nf3 Nf6 19. Bxc8 Qxc8 20. Kg2 h5 21. h4 Ng6 22. Ne1 Ng4 23. Bg5 Bxg5 24. hxg5 h4 25. Nd3 h3+ 26. Kh1 f5 27. exf5 Qxf5 28. f3 e4 29. fxg4 Qxg5 30. Nxe4 Qe7 31. Re1 Rf8 32. Kh2 Ne5 33. Nxd6 Nf3+ 34. Qxf3 Qxd6 35. Nf4 g5 36. Re6 Qd8 37. Rg6+ Kh7 38. Qd3 1-0

[Event "Remote S7E Easy email"]
[Site "Remote email"]
[Date "2014.01.21"]
[Round "?"]
[White "Mantau, Jan"]
[Black "Biskopp, Wolf Ulrich"]
[Result "0-1"]
[WhiteElo "2049"]
[BlackElo "2532"]
[PlyCount "84"]
[EventDate "2014.??.??"]
[EventType "tourn (corr)"]
[EventRounds "6"]
[EventCountry "GER"]
[SourceTitle "Corr 2015"]
[Source "ChessBase"]
[SourceDate "2015.07.17"]
[SourceVersion "1"]
[SourceVersionDate "2015.07.17"]
[SourceQuality "1"]

1. e4 c5 2. Nf3 d6 3. d4 cxd4 4. Nxd4 Nf6 5. Nc3 a6 6. Be2 e5 7. Nb3 Be7 8. g4 h6 9. Be3 Be6 10. Nd5 Nbd7 11. Nxe7 Qxe7 12. f3 d5 13. exd5 Nxd5 14. Qd2 Rc8 15. 0-0-0 Nb4 16. Bd3 Nxa2+ 17. Kb1 Nb4 18. Be4 0-0 19. g5 f5 20. gxf6 Nxf6 21. Nc5 Nxe4 22. fxe4 a5 23. c3 Rxc5 24. Bxc5 Qxc5 25. cxb4 axb4 26. b3 Rf2 27. Qd3 Qa7 28. Rd2 Rxd2 29. Qxd2 Bxb3 30. Re1 b5 31. Qb2 Bc4 32. Qxb4 Qa2+ 33. Kc1 Qxh2 34. Qc3 Qf4+ 35. Kb2 g5 36. Rd1 g4 37. Qb4 g3 38. Rd8+ Kg7 39. Qe7+ Kg6 40. Qd6+ Kg5 41. Rf8 Qxe4 42. Rh8 Qd4+ 0-1

[Event "Remote S7E Pioneer-61 email"]
[Site "Remote email"]
[Date "2014.01.16"]
[Round "?"]
[White "Galje, Hans"]
[Black "Biskopp, Wolf Ulrich"]
[Result "0-1"]
[WhiteElo "2356"]
[BlackElo "2564"]
[PlyCount "96"]
[EventDate "2014.??.??"]
[EventType "tourn (corr)"]
[EventRounds "6"]
[EventCountry "GER"]
[SourceTitle "Corr 2015"]
[Source "ChessBase"]
[SourceDate "2015.07.17"]
[SourceVersion "1"]
[SourceVersionDate "2015.07.17"]
[SourceQuality "1"]

1. d4 Nf6 2. c4 e6 3. g3 c5 4. d5 exd5 5. cxd5 d6 6. Nc3 g6 7. Bg2 Bg7 8. Nf3 0-0 9. 0-0 Re8 10. Nd2 Nbd7 11. h3 a6 12. a4 Rb8 13. Nc4 Ne5 14. Na3 Nh5 15. e4 Bd7 16. a5 Qxa5 17. g4 Nf6 18. f4 Nexg4 19. hxg4 Nxg4 20. f5 Ne5 21. Bg5 Qc7 22. Nc2 b5 23. f6 Bh8 24. Rxa6 b4 25. Ne2 Bb5 26. Ra1 Ra8 27. Rxa8 Rxa8 28. Ne3 Ra2 29. Qd2 Qd8 30. Kh1 h6 31. Bh4 b3 32. Nd1 Ra1 33. Ndc3 Rxf1+ 34. Bxf1 Bc4 35. Bg2 Bxf6 36. Bxf6 Qxf6 37. Qf4 Kg7 38. Qxf6+ Kxf6 39. Nc1 g5 40. Kh2 g4 41. Kg3 Kg5 42. Nd1 h5 43. Ne3 h4+ 44. Kh2 h3 45. Bh1 Kf4 46. Nxc4 Nxc4 47. Nxb3 f6 48. Nc1 Ke3 0-1

[Event "Remote S7E Basic-73 email"]
[Site "Remote email"]
[Date "2014.01.14"]
[Round "?"]
[White "Biskopp, Wolf Ulrich"]
[Black "Gottwald, Bernhard"]
[Result "1-0"]
[WhiteElo "2532"]
[BlackElo "1795"]
[PlyCount "49"]
[EventDate "2014.??.??"]
[EventType "tourn (corr)"]
[EventRounds "6"]
[EventCountry "GER"]
[SourceTitle "Corr 2015"]
[Source "ChessBase"]
[SourceDate "2015.07.17"]
[SourceVersion "1"]
[SourceVersionDate "2015.07.17"]
[SourceQuality "1"]

1. d4 Nf6 2. c4 e6 3. Bg5 Be7 4. Nc3 0-0 5. Bxf6 Bxf6 6. e4 c5 7. d5 Bxc3+ 8. bxc3 Qf6 9. Qd2 d6 10. Bd3 exd5 11. cxd5 Re8 12. Ne2 b5 13. 0-0 a6 14. a4 c4 15. Bc2 Nd7 16. axb5 Nc5 17. f3 Bb7 18. b6 Rec8 19. Nd4 Nb3 20. Bxb3 cxb3 21. Nxb3 Rxc3 22. Na5 Rb8 23. Nxb7 Rxb7 24. e5 Qxe5 25. Rfe1 1-0

[Event "Remote S7E Starter-52 email"]
[Site "Remote email"]
[Date "2014.01.05"]
[Round "?"]
[White "Biskopp, Wolf Ulrich"]
[Black "Hahner, Anton"]
[Result "1-0"]
[WhiteElo "2532"]
[BlackElo "2123"]
[PlyCount "45"]
[EventDate "2014.??.??"]
[EventType "tourn (corr)"]
[EventRounds "6"]
[EventCountry "GER"]
[SourceTitle "Corr 2015"]
[Source "ChessBase"]
[SourceDate "2015.07.17"]
[SourceVersion "1"]
[SourceVersionDate "2015.07.17"]
[SourceQuality "1"]

1. d4 Nf6 2. c4 e6 3. Nc3 Bb4 4. e3 0-0 5. Bd3 b6 6. Nge2 c5 7. 0-0 Nc6 8. d5 Ne5 9. e4 a6 10. a3 Bxc3 11. Nxc3 exd5 12. cxd5 Nxd3 13. Qxd3 d6 14. Qg3 Nh5 15. Qf3 Qh4 16. h3 Re8 17. Re1 h6 18. Bd2 Bd7 19. g4 Nf6 20. Kg2 Rac8 21. Bf4 b5 22. Bxd6 h5 23. e5 1-0

[Event "Remote S7E Starter-52 email"]
[Site "Remote email"]
[Date "2014.01.05"]
[Round "?"]
[White "Faust, Dieter"]
[Black "Biskopp, Wolf Ulrich"]
[Result "0-1"]
[WhiteElo "2062"]
[BlackElo "2532"]
[PlyCount "72"]
[EventDate "2014.??.??"]
[EventType "tourn (corr)"]
[EventRounds "6"]
[EventCountry "GER"]
[SourceTitle "Corr 2015"]
[Source "ChessBase"]
[SourceDate "2015.07.17"]
[SourceVersion "1"]
[SourceVersionDate "2015.07.17"]
[SourceQuality "1"]

1. d4 Nf6 2. c4 e6 3. Nf3 d5 4. g3 dxc4 5. Bg2 a6 6. 0-0 Nc6 7. e3 Bd7 8. Nc3 Nd5 9. e4 Nxc3 10. bxc3 Be7 11. a4 0-0 12. a5 b6 13. axb6 cxb6 14. Be3 Na5 15. Ra2 Nb3 16. Ne5 Bb5 17. Qg4 Kh8 18. Qh3 Qe8 19. Bf3 Bd6 20. Ng4 Bc6 21. Rd1 f6 22. d5 exd5 23. exd5 Bd7 24. Bf4 Bxf4 25. gxf4 h5 26. d6 Rd8 27. Rd5 g6 28. Re2 Qf7 29. Rd1 Rfe8 30. Qh4 Rxe2 31. Bxe2 Bxg4 32. Bxg4 Kg7 33. Bf3 Qe6 34. Kg2 b5 35. Rd5 Rxd6 36. f5 Qd7 0-1

[Event "Remote S7E Easy email"]
[Site "Remote email"]
[Date "2014.01.03"]
[Round "?"]
[White "Biskopp, Wolf Ulrich"]
[Black "Strohmeier, Josef"]
[Result "1-0"]
[WhiteElo "2532"]
[BlackElo "1872"]
[PlyCount "47"]
[EventDate "2014.??.??"]
[EventType "tourn (corr)"]
[EventRounds "6"]
[EventCountry "GER"]
[SourceTitle "Corr 2015"]
[Source "ChessBase"]
[SourceDate "2015.07.17"]
[SourceVersion "1"]
[SourceVersionDate "2015.07.17"]
[SourceQuality "1"]

1. d4 d5 2. c4 e6 3. Nf3 Nf6 4. Bg5 Be7 5. Nc3 0-0 6. e3 c6 7. Be2 Nbd7 8. 0-0 h6 9. Bh4 dxc4 10. Bxc4 Nd5 11. Bg3 N7b6 12. Be2 Bd6 13. Ne4 Bxg3 14. Nxg3 Nf6 15. Rc1 Qe7 16. e4 Bd7 17. Bd3 Rac8 18. e5 Nfd5 19. Bb1 f5 20. exf6 Nxf6 21. Qb3 Be8 22. Nf5 Qd7 23. Ne5 Qd5 24. Ne7+ 1-0

[Event "Remote S7E Basic-72 email"]
[Site "Remote email"]
[Date "2013.12.14"]
[Round "?"]
[White "Biskopp, Wolf Ulrich"]
[Black "Galje, Hans"]
[Result "1/2-1/2"]
[WhiteElo "2564"]
[BlackElo "2356"]
[PlyCount "75"]
[EventDate "2013.??.??"]
[EventType "tourn (corr)"]
[EventRounds "6"]
[EventCountry "GER"]
[SourceTitle "Corr 2015"]
[Source "ChessBase"]
[SourceDate "2015.07.17"]
[SourceVersion "1"]
[SourceVersionDate "2015.07.17"]
[SourceQuality "1"]

1. d4 Nf6 2. c4 e6 3. Nc3 Bb4 4. e3 0-0 5. Bd3 d5 6. Nf3 c5 7. 0-0 dxc4 8. Bxc4 Nbd7 9. Qe2 b6 10. Rd1 cxd4 11. exd4 Bb7 12. d5 Bxc3 13. dxe6 Bxf3 14. gxf3 fxe6 15. Bxe6+ Kh8 16. bxc3 Qc7 17. Be3 Nc5 18. Bh3 Qe5 19. f4 Qxc3 20. Rac1 Qa3 21. Bg2 Rae8 22. Rc4 Qa6 23. Qc2 Rf7 24. h3 Rfe7 25. a4 Rd7 26. Rc1 Red8 27. Bxc5 Rd2 28. Qf5 bxc5 29. Qxc5 h6 30. a5 Ra2 31. Qe7 Rg8 32. Rc6 Qxa5 33. Rxf6 gxf6 34. Qxf6+ Kh7 35. Qe7+ Kh8 36. Qe6 Rxg2+ 37. Kh1 Rg7 38. Qxh6+ 1/2-1/2

[Event "Remote S7E Basic-72 email"]
[Site "Remote email"]
[Date "2013.12.14"]
[Round "?"]
[White "Biskopp, Wolf Ulrich"]
[Black "Hahner, Anton"]
[Result "1-0"]
[WhiteElo "2532"]
[BlackElo "2123"]
[PlyCount "67"]
[EventDate "2013.??.??"]
[EventType "tourn (corr)"]
[EventRounds "6"]
[EventCountry "GER"]
[SourceTitle "Corr 2015"]
[Source "ChessBase"]
[SourceDate "2015.07.17"]
[SourceVersion "1"]
[SourceVersionDate "2015.07.17"]
[SourceQuality "1"]

1. d4 Nf6 2. c4 e6 3. Nc3 Bb4 4. Qc2 0-0 5. a3 Bxc3+ 6. Qxc3 b6 7. Bg5 Bb7 8. e3 d6 9. Ne2 h6 10. Bh4 Qe7 11. f3 Re8 12. Qc2 Nbd7 13. Nc3 c5 14. dxc5 Nxc5 15. Be2 d5 16. 0-0 a6 17. Rfd1 Red8 18. b4 Ncd7 19. cxd5 exd5 20. Qd3 Rac8 21. Qd4 Re8 22. Bf2 Ne5 23. b5 axb5 24. Bxb5 Red8 25. Rab1 Nc4 26. a4 Na3 27. Rbc1 Nxb5 28. axb5 Rc5 29. e4 Qe6 30. h3 Rdc8 31. Qd2 dxe4 32. Bxc5 Rxc5 33. fxe4 Kh8 34. Qf4 1-0

[Event "Remote S7E Basic-72 email"]
[Site "Remote email"]
[Date "2013.12.14"]
[Round "?"]
[White "Biskopp, Wolf Ulrich"]
[Black "Strohmeier, Josef"]
[Result "1-0"]
[WhiteElo "2564"]
[BlackElo "1893"]
[PlyCount "73"]
[EventDate "2013.??.??"]
[EventType "tourn (corr)"]
[EventRounds "6"]
[EventCountry "GER"]
[SourceTitle "Corr 2015"]
[Source "ChessBase"]
[SourceDate "2015.07.17"]
[SourceVersion "1"]
[SourceVersionDate "2015.07.17"]
[SourceQuality "1"]

1. d4 Nf6 2. c4 e6 3. Nf3 b6 4. Nc3 Bb7 5. d5 Bb4 6. Bd2 exd5 7. e3 0-0 8. Nxd5 Bxd2+ 9. Qxd2 d6 10. Rd1 Nbd7 11. Be2 Ne4 12. Qc2 Ndf6 13. 0-0 Re8 14. Nf4 h6 15. Nd2 Qe7 16. Nxe4 Nxe4 17. Bf3 Rad8 18. Nd5 Bxd5 19. cxd5 Nf6 20. b3 Qd7 21. Rd4 Re5 22. Rc1 Rc8 23. b4 Re7 24. Rc4 Ne8 25. Bg4 Qd8 26. Bxc8 Qxc8 27. Re4 Rxe4 28. Qxe4 Qd7 29. g3 Nf6 30. Qc2 Ne8 31. Qc6 Qc8 32. a4 Kf8 33. a5 Qg4 34. Qb7 Qxb4 35. a6 Qb2 36. Rf1 Qb5 37. Qxa7 1-0

[Event "Remote S7E Basic-72 email"]
[Site "Remote email"]
[Date "2013.12.14"]
[Round "?"]
[White "Plankert, Hans"]
[Black "Biskopp, Wolf Ulrich"]
[Result "0-1"]
[WhiteElo "2140"]
[BlackElo "2532"]
[PlyCount "74"]
[EventDate "2013.??.??"]
[EventType "tourn (corr)"]
[EventRounds "6"]
[EventCountry "GER"]
[SourceTitle "Corr 2015"]
[Source "ChessBase"]
[SourceDate "2015.07.17"]
[SourceVersion "1"]
[SourceVersionDate "2015.07.17"]
[SourceQuality "1"]

1. e4 c5 2. Nf3 d6 3. d4 cxd4 4. Nxd4 Nf6 5. Nc3 a6 6. h3 e6 7. g4 Be7 8. Bg2 0-0 9. Be3 Nfd7 10. 0-0 Nc6 11. f4 Nxd4 12. Qxd4 Rb8 13. a4 h6 14. Rad1 b6 15. Ne2 Bb7 16. Ng3 Qc7 17. Nh5 Nf6 18. Nxf6+ Bxf6 19. Qd3 Bxb2 20. Rb1 Bf6 21. Bxb6 Qc6 22. a5 Rbc8 23. Be3 Ba8 24. Rfc1 Bc3 25. Rb6 Qa4 26. Rxa6 Bb2 27. Re1 Rxc2 28. Re2 Rxe2 29. Qxe2 Ba3 30. Qd3 Bc5 31. Bxc5 dxc5 32. Kh2 c4 33. Qd4 Qa3 34. Qxc4 Qe3 35. Rb6 Rd8 36. Qc7 Rd2 37. Qb8+ Kh7 0-1

[Event "Remote S7E Pioneer-60 email"]
[Site "Remote email"]
[Date "2013.12.13"]
[Round "?"]
[White "Biskopp, Wolf Ulrich"]
[Black "Faust, Dieter"]
[Result "1-0"]
[WhiteElo "2532"]
[BlackElo "2062"]
[PlyCount "61"]
[EventDate "2013.??.??"]
[EventType "tourn (corr)"]
[EventRounds "6"]
[EventCountry "GER"]
[SourceTitle "Corr 2015"]
[Source "ChessBase"]
[SourceDate "2015.07.17"]
[SourceVersion "1"]
[SourceVersionDate "2015.07.17"]
[SourceQuality "1"]

1. d4 Nf6 2. c4 e6 3. Nc3 d5 4. Bg5 Be7 5. Nf3 h6 6. Bh4 Nbd7 7. e3 Ne4 8. Bxe7 Qxe7 9. Rc1 c6 10. Bd3 f5 11. 0-0 0-0 12. Ne2 Qd6 13. Nf4 Rf6 14. Qc2 b6 15. cxd5 exd5 16. Nh5 Bb7 17. Nxf6+ Qxf6 18. b4 a5 19. bxa5 Rxa5 20. Qb2 Ba6 21. Bxa6 Rxa6 22. Ne1 Qd6 23. Qc2 c5 24. f3 Ng5 25. Qxf5 Rxa2 26. Nd3 Qe6 27. Qxe6+ Nxe6 28. Ra1 Re2 29. Rfe1 Rd2 30. Nf4 Nxf4 31. exf4 1-0

[Event "Remote S7E Easy-181 email"]
[Site "Remote email"]
[Date "2013.12.11"]
[Round "?"]
[White "Biskopp, Wolf Ulrich"]
[Black "Baer, Cy"]
[Result "1-0"]
[WhiteElo "2532"]
[BlackElo "1792"]
[PlyCount "37"]
[EventDate "2013.??.??"]
[EventType "tourn (corr)"]
[EventRounds "6"]
[EventCountry "GER"]
[SourceTitle "Corr 2015"]
[Source "ChessBase"]
[SourceDate "2015.07.17"]
[SourceVersion "1"]
[SourceVersionDate "2015.07.17"]
[SourceQuality "1"]

1. d4 e6 2. c4 Nf6 3. Bg5 h6 4. Bh4 g5 5. Bg3 Ne4 6. Nc3 Nxc3 7. bxc3 f5 8. Be5 Rh7 9. e3 h5 10. h4 g4 11. Bd3 d6 12. Bg3 Rf7 13. Ne2 Bg7 14. Qb3 b6 15. e4 Bd7 16. exf5 exf5 17. 0-0 a5 18. c5 dxc5 19. Rfe1 1-0